Statistics for 90 secs Countries of the World: by same 2nd letter

Click here to take the quiz!

General Stats

  • This quiz has been taken 1,660 times
  • The average score is 172 of 196

Answer Stats

CAPITAL CITY % Correct
Nauru
96%
Guinea-Bissau
96%
Jamaica
96%
Trinidad and Tobago
96%
Ireland
96%
Iraq
96%
Iran
96%
Pakistan
96%
Tunisia
96%
Hungary
96%
Palau
96%
Haiti
96%
Guyana
96%
Guinea
96%
Kazakhstan
96%
Guatemala
96%
Grenada
96%
Greece
96%
Panama
96%
Germany
96%
Georgia
96%
Gambia
96%
Gabon
96%
France
96%
Turkey
96%
Turkmenistan
96%
Japan
96%
Kenya
96%
Tuvalu
96%
Malawi
96%
Nepal
96%
Netherlands
96%
New Zealand
96%
Mexico
96%
Mauritius
96%
Mauritania
96%
Marshall Islands
96%
Malta
96%
Mali
96%
Maldives
96%
Malaysia
96%
Madagascar
96%
Sri Lanka
96%
Macedonia
96%
Luxembourg
96%
Suriname
96%
Taiwan
96%
Tajikistan
96%
Tanzania
96%
Lesotho
96%
Lebanon
96%
Latvia
96%
Laos
96%
Sudan
96%
Kuwait
96%
Namibia
96%
Federated States of Micronesia
96%
Papua New Guinea
96%
Belarus
96%
Burma
96%
Burkina Faso
96%
Bulgaria
96%
Brunei
96%
Brazil
96%
Samoa
96%
San Marino
96%
São Tomé and Príncipe
96%
Saudi Arabia
96%
Benin
96%
Belize
96%
Belgium
96%
Barbados
96%
Eritrea
96%
Bangladesh
96%
Bahrain
96%
Bahamas
96%
Yemen
96%
Austria
96%
Australia
96%
Armenia
96%
Argentina
96%
Senegal
96%
Serbia
96%
Seychelles
96%
Zambia
96%
Burundi
96%
Cambodia
96%
Croatia
96%
Russia
96%
Denmark
96%
Democratic Republic of the Congo
96%
Venezuela
96%
Qatar
96%
Cuba
96%
Cameroon
96%
Republic of the Congo
96%
East Timor
96%
Vanuatu
96%
Saint Kitts and Nevis
96%
Uruguay
96%
Saint Lucia
96%
Saint Vincent and the Grenadines
96%
Central African Republic
96%
Cape Verde
96%
Peru
96%
Canada
96%
Paraguay
96%
Vatican City
96%
Poland
95%
North Korea
95%
Portugal
95%
Romania
95%
South Africa
95%
South Korea
95%
Norway
95%
South Sudan
95%
Somalia
95%
India
95%
Mozambique
95%
United Arab Emirates
95%
Bolivia
95%
Colombia
95%
Comoros
95%
Costa Rica
95%
Côte d'Ivoire
95%
Antigua and Barbuda
95%
Dominica
95%
Dominican Republic
95%
Morocco
95%
United States
95%
United Kingdom
95%
Angola
95%
Botswana
95%
Honduras
95%
Solomon Islands
95%
Indonesia
95%
Tonga
95%
Jordan
95%
Togo
95%
Kosovo
95%
Andorra
95%
Moldova
95%
Monaco
95%
Mongolia
95%
Montenegro
95%
Bosnia and Herzegovina
95%
Bhutan
86%
Philippines
86%
Chad
86%
Chile
86%
China
86%
Ghana
86%
Thailand
86%
Vietnam
85%
Zimbabwe
85%
Libya
85%
Kiribati
85%
Niger
85%
Finland
85%
Liberia
85%
Liechtenstein
85%
Fiji
85%
Nicaragua
85%
Lithuania
85%
Nigeria
85%
Sierra Leone
85%
Singapore
85%
El Salvador
70%
Slovenia
70%
Algeria
70%
Albania
70%
Slovakia
70%
Swaziland
63%
Sweden
63%
Switzerland
63%
Rwanda
63%
Afghanistan
57%
Czech Republic
53%
Azerbaijan
53%
Uzbekistan
53%
Italy
52%
Ethiopia
52%
Ecuador
46%
Iceland
46%
Kyrgyzstan
44%
Syria
44%
Cyprus
44%
Uganda
42%
Egypt
42%
Israel
41%
Estonia
41%
Spain
40%
Djibouti
34%
Oman
34%
Ukraine
26%
Equatorial Guinea
19%

Score Distribution

Percentile by Number Answered

Percent of People with Each Score

Your Score History

You have not taken this quiz